Autorské honoráre z hľadiska daňových a odvodových povinností v roku 2018

Zdaňovanie príjmov autorov (SZČO) dosahovaných na základe autorského zákona, mimo pracovnoprávnych pomerov (okrem zdaňovania príjmov zahraničných autorov zo zdrojov na území SR). Ilustračné príklady.

Uložené v:
Podrobná bibliografia
Hlavný autor: Rabatinová, Marcela, 1977-
Médium: Kapitola
Jazyk:Slovak
Predmet:
Tagy: Pridať tag
Žiadne tagy, Buďte prvý, kto otaguje tento záznam!

MARC

LEADER 00000naa a2200000 4500
001 0248468
005 20240502073956.8
041 0 |a slo 
044 |a SK 
245 1 0 |a Autorské honoráre z hľadiska daňových a odvodových povinností v roku 2018  |c Marcela Rabatinová 
520 |a Zdaňovanie príjmov autorov (SZČO) dosahovaných na základe autorského zákona, mimo pracovnoprávnych pomerov (okrem zdaňovania príjmov zahraničných autorov zo zdrojov na území SR). Ilustračné príklady. 
610 2 0 |a honoráre 
610 2 0 |a zdaňovanie 
610 2 0 |a právo autorské 
610 2 0 |a odvody 
100 1 |a Rabatinová, Marcela, 1977-